| 000 | 00345cam a22001337a 4500 | ||
|---|---|---|---|
| 008 | 180718b1929 xxu||||| |||| 00| 0 eng d | ||
| 082 | _aA99 C777 | ||
| 100 | _aCoolidge, C. | ||
| 245 | _aThe autobiography of......London | ||
| 260 |
_aLondon _bChatto & Windus _c1929 |
||
| 300 | _a247p. | ||
| 500 | _a10/6 | ||
| 650 | _aCollidge, Calvin, 1872-1933 | ||
| 999 |
_c363086 _d363086 |
||